000 00209 a2200109 4500
020 _a9788441421820
041 _aspa
100 _aMiguel Capo
245 _aDesafios para tu Mente
942 _cBK
952 _71
999 _c24191
_d24191